| 000 | 00589nam a2200193Ia 4500 | ||
|---|---|---|---|
| 008 | 191130s2010##################000#0#eng## | ||
| 020 | _a9788171393428 | ||
| 040 |
_aACL _cACL |
||
| 082 | _a577.727 RUD | ||
| 100 | _aRudra, Tanmoy | ||
| 245 |
_aMarine pollution control and management _cTanmoy Rudra; Gurusamy Gandhi |
||
| 260 |
_aNew Delhi _bJnanada Prakashan _c2010 |
||
| 300 | _avii,252p | ||
| 500 | _aIncludes bibliographical references and index | ||
| 650 | _aMarine Ecology- pollution control | ||
| 990 | _ae379519bac10000c0f0c7b15b68621e9 | ||
| 991 | _a245829 | ||
| 999 |
_c3881 _d3881 |
||